Joshua basset Lyric to song - Statistics

General Stats
  • This quiz has been taken 60 times
  • The average score is 10 of 15
Answer Stats
Hint Answer % Correct
I know you're afraid we'll end up the same Different
77%
It's 3 am while my guitar gently wheeps Sad songs in a hotel room
77%
Dancing with a cigarette drunk on a sunday mornin' Dancing with tears in my eyes
74%
You can't seem to get me off your mind Lie Lie Lie
74%
What if you're still in love with someone else? Would ya tell me
72%
But drunk talks are sober thought She said he said she said
70%
Cause you can't choose the place you're born Look how far you've come
68%
Why don't we both push past the pain so we can say Feel something
64%
Won't somebody help me Mirror
62%
I've been running for my life Circles
57%
I can't be mad i'm not what you planned for Lifeline
57%
Breaking away from the broken hearts Finally free
55%
One little spark that we won't put out Smoke slow
55%
I just wanna love and not look back Biting my tongue
51%
I'm still cleanin' up all the mess that i made All in due time
49%
No matching quizzes found
Score Distribution
Percent of People with Each Score
Percentile by Number Answered
Your Score History
You have not taken this quiz